Quá trình mũ và quá trình Itô - Lévy : Luận văn Thạc sĩ Khoa học Toán học. Chuyên ngành: Lý thuyết xác suất và Thồng kê Toán học
Đề tài nghiên cứu về một số khái niệm về phân tích ngẫu nhiên, quá trình Itô và quá trình mũ, quá trình Itô-Lévy và ứng dụng trong thực tế.
Αποθηκεύτηκε σε:
| Κύριος συγγραφέας: | |
|---|---|
| Μορφή: | Βιβλίο |
| Γλώσσα: | Undetermined |
| Έκδοση: |
Cần Thơ
Đại Học Cần Thơ
2010
|
| Θέματα: | |
| Ετικέτες: |
Προσθήκη ετικέτας
Δεν υπάρχουν, Καταχωρήστε ετικέτα πρώτοι!
|
| Thư viện lưu trữ: | Trung tâm Học liệu Trường Đại học Cần Thơ |
|---|
| LEADER | 01187nam a2200229Ia 4500 | ||
|---|---|---|---|
| 001 | CTU_161745 | ||
| 008 | 210402s9999 xx 000 0 und d | ||
| 082 | |a 519.2 | ||
| 082 | |b U527 | ||
| 088 | |a 604615 | ||
| 100 | |a Huỳnh, Tố Uyên | ||
| 245 | 0 | |a Quá trình mũ và quá trình Itô - Lévy : | |
| 245 | 0 | |b Luận văn Thạc sĩ Khoa học Toán học. Chuyên ngành: Lý thuyết xác suất và Thồng kê Toán học | |
| 245 | 0 | |c Huỳnh Tố Uyên; Dương Tôn Đảm ( Hướng dẫn Khoa học ) | |
| 260 | |a Cần Thơ | ||
| 260 | |b Đại Học Cần Thơ | ||
| 260 | |c 2010 | ||
| 520 | |a Đề tài nghiên cứu về một số khái niệm về phân tích ngẫu nhiên, quá trình Itô và quá trình mũ, quá trình Itô-Lévy và ứng dụng trong thực tế. | ||
| 650 | |a Phương trình vi phân ngẫu nhiên,Tích phân ngẫu nhiên,Stochastic differential equations,Stochastic process,Stochastic integration | ||
| 650 | |x Quá trình ngẫu nhiên | ||
| 904 | |i Nhớ Năm | ||
| 980 | |a Trung tâm Học liệu Trường Đại học Cần Thơ | ||